000 00713nam a2200205Ii 4500
003 JO-AjNU
008 230605s9999||||xx |||||||||||||| ||und||
040 _aJO-AjNU
_bara
_erda
_cJO-AjNU
041 _aara
050 1 4 _aG70.2 2009
100 3 _aالخليل، عمر محمد,
_eauthor
_951339
245 0 0 _aنظم المعلومات الجغرافية باستخدام برمجية ARCGIS
250 _aط1
264 3 1 _aعمان: مؤسسة الوراق، 2009
300 _a470ص
336 _atext
_btxt
_2rdacontent
337 _aunmediated
_bn
_2rdamedia
338 _avolume
_bnc
_2rdacarrier
650 4 _aنظم المعلومات الجغرافية-جغرافيا- معالجة بيانات
_951340
999 _aA22670
_c26238
_d26238